000 00433nam a2200181Ia 4500
001 4751
005 20260306145818.0
008 260306t1999||||xx |||||||||||||| ||spa||
041 _aESP
082 _a330.015195
_bP41
100 _aPena Trapero, Bernardo
_eAUT
245 0 _aCien ejercicios de econometrĂ­a
260 _c1999
300 _a674 páginas :
_c24 cm.
650 _aGEN
654 _aCAN
942 _cLIB
_dJUS
_fJUS
_2ddc
_n
999 _c4751
_d4751